Personnages Harry Potter - Compte à Rebours - Statistiques

Statistiques générales
  • Ce quiz a été pris 42 fois
    31 depuis la dernière actualisation
  • Le résultat moyen est 52 sur 95
Statistiques - réponses
Réponse % Correct
Harry Potter
100%
Ronald Weasley
100%
Hermione Granger
96%
Lily Potter
96%
Albus Dumbledore
92%
James Potter
92%
Severus Rogue
92%
Drago Malefoy
84%
Fleur Delacour
84%
Fred Weasley
84%
George Weasley
84%
Ginny Weasley
84%
Katie Bell
84%
Remus Lupin
84%
Cedric Diggory
80%
Minerva McGonagall
80%
Dobby
76%
Dudley Dursley
76%
Lucius Malefoy
76%
Molly Weasley
76%
Peter Pettigrow
76%
Petunia Dursley
76%
Sirius Black
76%
Voldemort
76%
Bellatrix Lestrange
72%
Bill Weasley
72%
Charlie Weasley
72%
Dolores Ombrage
72%
Hagrid
72%
Neville Londubat
72%
Arthur Weasley
68%
Cho Chang
68%
Hedwige
68%
Luna Lovegood
68%
Percy Weasley
68%
Viktor Krum
68%
Argus Rusard
64%
Nymphadora Tonks
64%
Padma Patil
64%
Seamus Finnigan
64%
Vernon Dursley
64%
Alastor Maugrey
60%
Dean Thomas
60%
Pomona Chourave
60%
Filius Flitwick
60%
Gilderoy Lockhart
60%
Gregory Goyle
60%
Igor Karkaroff
60%
Olympe Maxime
60%
Parvati Patil
60%
Quirinus Quirrell
60%
Vincent Crabbe
56%
Abelforth Dumbledore
52%
Amos Diggory
52%
Buck
52%
Rolanda Bibine
52%
Horace Slughorn
52%
Kreattur
52%
Lavande Brown
52%
Xenophilius Lovegood
48%
Ariana Dumbledore
44%
Kingsley Shacklebolt
44%
Olivier Dubois
44%
Pompom Pomfresh
44%
Aragog
40%
Cornelius Fudge
40%
Nick Quasi-Sans-Tête
40%
Pattenrond
40%
Barty Croupton
36%
Barty Croupton Jr
36%
Colin Crivey
36%
Fenrir Greyback
36%
Alecto Carrow
32%
Amycus Carrow
32%
Crockdur
32%
Ollivander
32%
Helena Serdaigle
28%
Justin Finch-Fletchley
28%
Touffu
28%
Cormac McLaggen
24%
Ernie Macmillan
24%
Gripsec
24%
Marge Dursley
24%
Mondingus Fletcher
24%
Stan Rocade
24%
Yaxley
24%
Marcus Flint
20%
Narcissa Malefoy
20%
La Grosse Dame
16%
Mimi Geignarde
16%
Miss Teigne
16%
Rita Skeeter
16%
Sibylle Trelawney
16%
Madame Rosmerta
12%
Nigel
0%
Aucun quiz correspondant
Distribution des résultats
% des personnes avec chaque résultat
Percentile par nombre de réponses
Votre historique - résultats
Vous n’avez pas pris ce quiz depuis la dernière actualisation